Countries with the best food - Statistics

General Stats
  • This quiz has been taken 168 times
  • The average score is 9 of 10
Answer Stats
Hint Answer % Correct
Europe France
98%
Europe Italy
97%
North America Mexico
95%
South America Brazil
93%
Europe Spain
93%
Asia/Europe Turkey
90%
Europe Greece
87%
Asia India
87%
Europe Portugal
76%
Asia Thailand
76%
No matching quizzes found
Score Distribution
Percent of People with Each Score
Percentile by Number Answered
Your Score History
You have not taken this quiz